Score 0/12 Timer 05:00
4 Plays Today
Inaccurate because... TV Show % Correct
...it is revealed that six castaways escaped the islandLost
92.9%
...there are only twelve hours24: Live Another Day
91.4%
...Walter eventually ceases being an amateur criminalBreaking Bad
84.9%
...the titular high school club disbandsGlee
72.7%
...Piper wears a beige jumpsuitOrange is the New Black
70.7%
...the title character finally has sexJane the Virgin
55.2%
...Max and Caroline are given 20,000 dollars2 Broke Girls
54.8%
...Jules starts dating men her own ageCougar Town
48.5%
...there are cloudsIt's Always Sunny in Philadelphia
45.7%
...Sarah finds her birth motherOrphan Black
23.3%
...Sudden Valley is finally completedArrested Development
20.4%
...a Russian boat appearsThe Last Ship
9.3%
Remove Ads.
Support Sporcle.
Get the best of Sporcle when you Go Orange. This ad-free experience offers more features, more stats, and more fun while also helping to support Sporcle. Thank you for becoming a member.

You're not logged in!

Compare scores with friends on all Sporcle quizzes.
OR
Log In

Show Comments

Extras

Top Quizzes Today


Score Distribution

Your Account Isn't Verified!

In order to create a playlist on Sporcle, you need to verify the email address you used during registration. Go to your Sporcle Settings to finish the process.

Report this User

Report this user for behavior that violates our Community Guidelines.

Details: